<?xml version="1.0" encoding="UTF-8"?>
<marc:record xmlns:marc="http://www.loc.gov/MARC21/slim">
   <marc:leader>00000nam a2200000 a 4500</marc:leader>
   <marc:datafield ind1="1" ind2=" " tag="100">
      <marc:subfield code="a">Milarepa</marc:subfield>
      <marc:subfield code="4">aut</marc:subfield>
      <marc:subfield code="e">Verfasser/-in</marc:subfield>
   </marc:datafield>
   <marc:datafield ind1="1" ind2=" " tag="100">
      <marc:subfield code="a">Evans-Wentz, W. Y.</marc:subfield>
      <marc:subfield code="4">trl</marc:subfield>
      <marc:subfield code="e">Übersetzer/-in</marc:subfield>
   </marc:datafield>
   <marc:datafield ind1="0" ind2="0" tag="245">
      <marc:subfield code="a">Milarepa</marc:subfield>
   </marc:datafield>
   <marc:datafield ind1="0" ind2="0" tag="245">
      <marc:subfield code="b">Tibets großer Yogi</marc:subfield>
   </marc:datafield>
   <marc:datafield ind1="0" ind2="0" tag="245">
      <marc:subfield code="c">Milarepa. überarbeitete Neuausgabe auf der Grundlage der engl. Übers. von W. Y. Evans-Wentz</marc:subfield>
   </marc:datafield>
   <marc:datafield ind1=" " ind2="1" tag="264">
      <marc:subfield code="a">Darmstadt</marc:subfield>
      <marc:subfield code="b">Schirner Verl.</marc:subfield>
      <marc:subfield code="c">2011</marc:subfield>
   </marc:datafield>
   <marc:datafield ind1=" " ind2=" " tag="250">
      <marc:subfield code="a">1. Aufl.</marc:subfield>
   </marc:datafield>
   <marc:datafield ind1="1" ind2=" " tag="520">
      <marc:subfield code="a">Milarepa - Zauberer, Einsiedler, Dichter und Mystiker - ist einer der wohl bekanntesten und auch beliebtesten heiligen Männer Tibets und der zweite Dalai-Lama. Nach einer Jugend geprägt von Verirrungen, nach schweren Bußübungen und Prüfungen findet Milarepa den Pfad des Lichts und erlangt den höchsten Zustand der Befreiung, das Nirwana. Die Gedichte und Erzählungen des Meisters verleihen der Biografie einen ganz eigenen poetischen Reiz und sichern dem Werk einen Platz in der Weltliteratur.</marc:subfield>
   </marc:datafield>
   <marc:datafield ind1=" " ind2=" " tag="020">
      <marc:subfield code="a">9783843430043</marc:subfield>
      <marc:subfield code="9">9783843430043</marc:subfield>
   </marc:datafield>
   <marc:datafield ind1=" " ind2=" " tag="020">
      <marc:subfield code="a">3843430047</marc:subfield>
      <marc:subfield code="9">3843430047</marc:subfield>
   </marc:datafield>
   <marc:datafield ind1=" " ind2=" " tag="300">
      <marc:subfield code="a">312 S.</marc:subfield>
   </marc:datafield>
</marc:record>
